| 000 | | | 02680cmc2a22001932x 450 |
| 001 | | | ae790ebe-5e57-4246-b847-45ced1f0c984 |
| 005 | | | 20230418120154.0 |
| 100 | ## | $a | 20181229l19191919k y0rusy50 ca |
| 101 | 0# | $a | rus |
| 102 | ## | $a | RU |
| 200 | 1# | $a | Юридический Отдел. 1918-1919 г. |
| | $j | 1919 |
| 215 | ## | $a | 33 единицы хранения |
| 251 | ## | $c | Опись |
| 461 | #0 | $1 | 0010f0e3429-2e37-4fb4-ace0-6332d350a692 |
| | $1 | 2001 |
| | $a | Министерство внутренних дел Российского правительства. Омск |
| | $v | Оп. 4 |
| | $1 | 251 |
| | $c | Фонд |
| | $1 | 852 |
| | $g | Р |
| | $j | 1700 |
| 801 | #0 | $a | RU |
| | $b | GA_RF |
| 801 | #1 | $a | RU |
| | $b | ГлавНИВЦ |
| | $c | 20181229 |
| | $2 | rusmarc |
| 801 | #2 | $a | RU |
| | $b | ПБ им. Б.Н. Ельцина |
| | $c | 20190121 |
| | $g | RCR |
| | $2 | rusmarc |
| 852 | ## | $a | ГА РФ |
| | $j | 4 |
| 937 | ## | $d | 123529426 |
| | $h | ПБ |
| 035 | ## | $a | RuPRLIB520124929 |
| 856 | ## | $u | http://readingroom.main.prlib.ru/item.aspx?id_node=n123529426&mode=full |
| 122 | 0# | $a | d1919###### |
| 850 | ## | $a | Государственный архив Российской Федерации |